000 00270nam a2200097Ia 4500
999 _c6329
_d6329
100 _aBernd Oestereich
245 0 _aDeveloping Software with UML Object-Oriented Analysis And Design In Practice
260 _aNew Delhi
_bTata McGraw Hill
_c2000
300 _a321
942 _cBK